000 00842cab a2200265 4500
001 ABS55527
008 090401t1996 xxu||||| |||| 00| 0 eng d
035 _a(Sirsi) u17157
041 _aeng
245 _aCustomer satisfaction
260 _c1996
350 _a0
490 _aInside Housing
_v13(26) 5 July 1996, 14-15(2)
520 _aDiscusses the results of the DoE "Survey of English Housing" which reveals the views of social and private tenants about their landlords, renting and buying. Statistics.
650 _aCOUNCIL TENANTS
650 _aHOUSING ASSOCIAITON TENANTS
650 _aPRIVATE RENTED SECTOR
650 _aRENTED HOUSING
650 _aSOCIAL RENTED SECTOR
650 _aSURVEY OF ENGLISH HOUSING
690 _aHOUSING
690 _aPROPERTY-LANDLORD AND TENANT
942 _n0
948 _c04/03/1997
999 _c11376
_d11376